000 00613nam a2200205 i 4500
001 149860
003 ES-MaACL
005 20230906203304.0
007 t|
008 071024s1958 sp ||||1| spa d
100 1 _aVan der Meersch, Maxence.
_9113032
245 1 3 _aEl pecado del mundo /
_cpor Maxence Van der Meersch ; [versión castellana de Pedro Pelucena Camacho].
260 _aBarcelona :
_bG. P.,
_c[1958]
300 _a188 p. ;
_c18 cm.
490 1 _aPlaza
700 1 _aPelucena Camacho, Pedro.
_990127
830 0 _aPlaza
_9181244
852 _aES-MaACL
_jC-14526
_bR.42145
999 _c149860
_d149860